000 00717nam a22002297a 4500
005 20151015105730.0
010 _aENG-113694
020 _a9788190848756
_c225.00
035 _aEN- 97226
037 _bDBAD/PUB
082 _a299.93
100 _aAïvanhov, Omraam Mikhaël
245 _aThe mysteries of fire and water /
_cby Omraam Mikhael Aivanhov
260 _aNew Delhi
_bVIJ Books
_c2009
270 _a2/19,(Second Floor) Ansari Road, Darya Ganj
_bNew Delhi
_e110002
300 _a171p.
_c18cm(pbk)
490 _aIzvor collection ; no.232
650 _a Fire
_xReligious aspects.
650 _aWater
_xReligious aspects.
650 _aSpiritual life.
942 _2ddc
_cEN
_mAIV
_h299.93
999 _c95297
_d95297